Puedo contar (Registro nro. 6500)

Detalles MARC
000 -LEADER
fixed length control field 00753nam a22002177a 4500
003 - CONTROL NUMBER IDENTIFIER
control field OSt
005 - DATE AND TIME OF LATEST TRANSACTION
control field 20200212132200.0
008 - FIXED-LENGTH DATA ELEMENTS--GENERAL INFORMATION
fixed length control field 200212t2010 ck a|||ar|||| 00| 1 spa d
020 ## - INTERNATIONAL STANDARD BOOK NUMBER
International Standard Book Number 9789583034640
040 ## - CATALOGING SOURCE
Original cataloging agency CO-JMCR
Transcribing agency CO-JMCR
041 1# - LANGUAGE CODE
Language code of text/sound track or separate title spa
Language code of original eng
082 ## - DEWEY DECIMAL CLASSIFICATION NUMBER
Classification number A /
Item number PUEp
245 00 - TITLE STATEMENT
Title Puedo contar
260 ## - PUBLICATION, DISTRIBUTION, ETC.
Place of publication, distribution, etc. Bogotá :
Name of publisher, distributor, etc. Panamericana,
Date of publication, distribution, etc. ©2010
300 ## - PHYSICAL DESCRIPTION
Extent [12] páginas :
Other physical details principalmente ilustraciones a color ;
Dimensions 27 cm.
500 ## - GENERAL NOTE
General note Título original: I can count
520 ## - SUMMARY, ETC.
Summary, etc. Aprende a contar de uno a diez en tres sencillas etapas. Cada página es una pizarra de tiza líquida en la que podrás ir practicando hasta que aprendas los números.
546 ## - LANGUAGE NOTE
Language note Traducido del inglés
650 14 - SUBJECT ADDED ENTRY--TOPICAL TERM
Topical term or geographic name entry element Libro albúm
9 (RLIN) 495
942 ## - ADDED ENTRY ELEMENTS (KOHA)
Source of classification or shelving scheme Dewey Decimal Classification
Koha item type Books
Existencias
Withdrawn status Lost status Source of classification or shelving scheme Damaged status Not for loan Collection code Home library Current library Date acquired Source of acquisition Cost, normal purchase price Total Checkouts Total Renewals Full call number Barcode Date last seen Date last checked out Copy number Price effective from Koha item type
    Dewey Decimal Classification     Fiction Biblioteca Pública José María del Castillo y Rada Biblioteca Pública José María del Castillo y Rada 02/12/2020 Donación 0.00 16 1 A / PUEp 201809777 06/27/2025 06/26/2025 Ej.1 02/12/2020 Books